00421nam a2200157Ia 4500001000500000005001700005008004100022041000800063082001500071100003500086245008900121260000900210300002800219650000800247654000800255269320260306144825.0260306t2007||||xx |||||||||||||| ||spa|| aESP a211.6bF31 aFazio, Mariano [1960-...]eAUT 0aHistoria de las ideas contemporáneas:buna lectura del proceso de secularización c2007 a430 páginas :c24 cm. aGEN aCHU